Trpiaci človek

Bibliographic Details
Main Author: Frankl, Viktor E., 1905-1997 (Author)
Other Authors: Krankus, Milan, 1950- (Translator)
Format: Book
Language:Slovak
German
PhysicalDescription:155 s. 21 cm
Published: Bratislava Lúč c2007
ISBN:9788071146384
Edition:1. vyd.
Series:Libri Europeae
Subjects:

MARC

LEADER 00000cam a2200000 a 4500
001 vtls009277059
003 SK-MaSNL
005 20260302080109.0
008 251031s2007 xo f 000 0dslo
015 |a SNBA2008/07-03587 
020 |a 9788071146384  |q (brož.) 
035 |a BD7BECC8-9E79-457E-9B90-A6DB020F9458 
035 |a urn:nbn:sk:snk-aml8nf 
035 |a urn:nbn:sk:snk-am008sli 
040 |a SNK  |b slo  |c SNK  |e AACR2 
041 1 |a slo  |h ger 
044 |a xo  |c SK 
072 7 |a 159.92  |x Vývinová psychológia. Psychológia osobnosti  |2 konspekt 
080 |a 159.923  |2 2001 
080 |a 17.02  |2 2001 
080 |a 615.851  |2 2001 
080 |a 2-185.2  |2 2001 
080 |a (048.8)  |2 2001 
100 1 |a Frankl, Viktor E.,  |d 1905-1997  |4 aut  |9 112374 
240 1 0 |a Homo patiens  |l Slovensky 
245 1 0 |a Trpiaci človek  |c Viktor E. Frankl ; [z nemeckého originálu preložil Milan Krankus] 
250 |a 1. vyd. 
260 |a Bratislava  |b Lúč  |c c2007 
300 |a 155 s.  |c 21 cm 
490 0 |a Libri Europeae 
500 |a V tiráži uvedený chybný rok vydania: 2006 
500 |a Slovník cudzích výrazov 
504 |a Bibliogr. odkazy 
650 0 7 |a psychológia osobnosti  |2 SNKPH  |9 3576 
650 0 7 |a zmysel života  |x psychologické aspekty  |2 SNKPH  |9 468241 
650 0 7 |a logoterapia  |2 SNKPH  |9 2523 
650 0 7 |a utrpenie  |x duchovné aspekty  |2 SNKPH  |9 302085 
655 7 |a štúdie  |2 SNKPH  |9 57033 
700 1 |a Krankus, Milan,  |d 1950-  |4 trl  |9 193817 
919 |a 978-80-7114-638-4 
958 |a NB 
958 |a OP 
968 |b DT  |d 1 
999 |c 1171806  |d 1173736 
952 |a SNK  |b SNK  |y PREZ  |7 0  |p 17A0587122  |o snkSC 131843  |i snk2008/9536  |8 0  |0 0  |1 0  |4 0  |d 2008-04-29  |f 1  |l 0  |r 2025-06-23 00:00:00  |w 2026-02-24 
952 |a SNK  |b SNK  |y VYP  |7 0  |p 17A0587121  |o snkSC 131843 D1  |i snk2008/9537  |8 0  |0 0  |1 0  |4 0  |d 2008-04-29  |l 0  |r 2026-02-24 21:07:52  |w 2026-02-24